|
|
|
|
| LEADER |
01691nam a2200433Ia 4500 |
| 001 |
EBC169314 |
| 003 |
MiAaPQ |
| 005 |
20200520144314.0 |
| 006 |
m o d | |
| 007 |
cr cn||||||||| |
| 008 |
990512s1999 enka sb 001 0 eng d |
| 010 |
|
|
|z 99031957
|
| 020 |
|
|
|z 0203027183
|
| 020 |
|
|
|z 0415222699 (alk. paper)
|
| 020 |
|
|
|a 0203250044 (electronic bk.)
|
| 035 |
|
|
|a (MiAaPQ)EBC169314
|
| 035 |
|
|
|a (Au-PeEL)EBL169314
|
| 035 |
|
|
|a (CaPaEBR)ebr10054659
|
| 035 |
|
|
|a (CaONFJC)MIL40097
|
| 035 |
|
|
|a (OCoLC)71348534
|
| 040 |
|
|
|a MiAaPQ
|c MiAaPQ
|d MiAaPQ
|
| 050 |
|
4 |
|a HD70.C52
|b H854 1999
|
| 082 |
0 |
4 |
|a 330.95125
|2 21
|
| 245 |
0 |
0 |
|a Hong Kong management and labour
|h [electronic resource] :
|b change and continuity /
|c edited by Patricia Fosh ... [et al.].
|
| 260 |
|
|
|a London ;
|a New York :
|b Routledge,
|c 1999.
|
| 300 |
|
|
|a xviii, 338 p. :
|b ill.
|
| 490 |
1 |
|
|a Routledge advances in Asia-Pacific business ;
|v 9
|
| 504 |
|
|
|a Includes bibliographical references (p. [309]-329) and index.
|
| 533 |
|
|
|a Electronic reproduction. Ann Arbor, MI : ProQuest, 2015. Available via World Wide Web. Access may be limited to ProQuest affiliated libraries.
|
| 650 |
|
0 |
|a Management
|z China
|z Hong Kong.
|
| 650 |
|
0 |
|a Labor
|z China
|z Hong Kong.
|
| 651 |
|
0 |
|a Hong Kong (China)
|x Economic conditions.
|
| 651 |
|
0 |
|a Hong Kong (China)
|x Social conditions.
|
| 651 |
|
0 |
|a Hong Kong (China)
|x Politics and government
|y 1997-
|
| 655 |
|
4 |
|a Electronic books.
|
| 700 |
1 |
|
|a Fosh, Patricia.
|
| 710 |
2 |
|
|a ProQuest (Firm)
|
| 830 |
|
0 |
|a Routledge advances in Asia-Pacific business ;
|v 9.
|
| 856 |
4 |
0 |
|u https://ebookcentral.proquest.com/lib/matrademy/detail.action?docID=169314
|z Click to View
|